Banky v SR
Z obsahu: Tatra banke stačí na vyplatenie 20-percentnej dividendy necelá osmina vlaňajšieho zisku. Poľnobanka nahrádza americký model riadenia nemeckým.
Guardado en:
| Autor principal: | |
|---|---|
| Formato: | Capítulo de libro |
| Lenguaje: | eslovaco |
| Materias: | |
| Etiquetas: |
Sin Etiquetas, Sea el primero en etiquetar este registro!
|
MARC
| LEADER | 00000naa a2200000 4500 | ||
|---|---|---|---|
| 001 | r031921 | ||
| 005 | 20230921084148.0 | ||
| 041 | 0 | |a slo | |
| 044 | |a SK | ||
| 245 | 1 | 0 | |a Banky v SR |c Ján Kovalčík |
| 520 | |a Z obsahu: Tatra banke stačí na vyplatenie 20-percentnej dividendy necelá osmina vlaňajšieho zisku. Poľnobanka nahrádza americký model riadenia nemeckým. | ||
| 610 | 2 | 0 | |a banky |
| 610 | 2 | 0 | |a bankovníctvo |
| 610 | 2 | 0 | |a zisk |
| 610 | 2 | 0 | |a dividendy |
| 610 | 2 | 0 | |a riadenie |
| 610 | 2 | 0 | |a Slovensko |
| 610 | 2 | 0 | |a Tatra banka, a.s. Bratislava |
| 610 | 2 | 0 | |a Poľnobanka, a.s. Bratislava |
| 100 | 1 | |a Kovalčík, Ján | |